• 首页
  • 本馆介绍
  • 公告通知
  • 最新文献
  • 馆藏检索
  • 电子资源
  • 读者导购
  • 参考咨询
  • 我的图书馆
  • 登录
  • 详细信息显示
  • 放入我的书架
  • 预约/预借图书
  • 作者相关作品
  • 分类相关作品
  • 丛书相关作品
  • 出版社相关作品

书目信息

  • 表格格式
  • 工作单格式
  • 卡片格式
题名:
思想的踪迹
    
 
作者: 张颐武 著
分册:  
出版信息: 北京   北京大学出版社  2002
页数: 313页
开本: 21cm
丛书名:
单 册:
中图分类: G04-53
科图分类:
主题词: 比较文化--选集 , 比较文化
电子资源:
ISBN: 7-301-05383-5
000 00842nam0 2200253 450
001 012007916058
005 20070522180511.93
010    @a7-301-05383-5@dCNY15.00
100    @a20070515d2002 km y0chiy0120 ea
101 0  @achi
102    @aCN@b110000
105    @ay z 000cy
106    @ar
200 1  @a思想的踪迹@Asi xiang de zong ji@e一个批评者的跨文化观察@f张颐武著@Fzhang yi wu zhu
210    @a北京@c北京大学出版社@d2002
215    @a313页@d21cm
330    @a本书收录了作者的《不见不散》、《中秋月明》、《隔世之感》、《跨界之难》、《有话就说》、《边缘的意义》等七十余篇文章。
517 1  @a一个批评者的跨文化观察@Ayi ge pi ping zhe de kua wen hua guan cha
606 0  @a比较文化@j选集
606 0  @a比较文化
690    @aG04-53@v4
701  0 @a张颐武@Azhang yi wu@4著
801  0 @aCN@bRULIN@c20070522
905    @dG04-53@e56@s8
    
    思想的踪迹:一个批评者的跨文化观察/张颐武著.-北京:北京大学出版社,2002
    313页;21cm
    
    
    ISBN 7-301-05383-5:CNY15.00
    本书收录了作者的《不见不散》、《中秋月明》、《隔世之感》、《跨界之难》、《有话就说》、《边缘的意义》等七十余篇文章。
●
相关链接 在E读中查询图书 在五车中查询图书 在当当中查询图书 在豆瓣中查询图书


正题名:思想的踪迹     索取号:G04-53/56         预约/预借

序号 登录号 条形码 馆藏地/架位号 状态 备注
1 0579865   205798653   第一样本阅览室/ [索取号:G04-53/56] 在馆    
2 0579866   205798662   第四借阅区/ [索取号:G04-53/56] 在馆    
3 0579867   205798671   第四借阅区/ [索取号:G04-53/56] 在馆    
4 0579868   205798680   第四借阅区/ [索取号:G04-53/56] 在馆    
5 0579869   205798699   第四借阅区/ [索取号:G04-53/56] 在馆    
6 0579870   205798706   第四借阅区/ [索取号:G04-53/56] 在馆    
7 0579871   205798715   第四借阅区/ [索取号:G04-53/56] 在馆    
8 0579872   205798724   第四借阅区/ [索取号:G04-53/56] 在馆    
唐山师范学院图书馆 欢迎您!
大连网信软件有限公司© 版权所有